1044 1366 1739 1262 1188 1130 1347 1862 1667 1186 1250 1588 1120 1189 1157 1167 1145 1892 1204 1930 1291 1778 1217 1414 1320 1987 1480 1421 1595 1357 1582 1955 1058 1612 2000 1655 1601 1929 1071 1701 1943 1964 1261 1023 1996 1609 1906 1304 1409 1226 1457 1700 1313 1876 1971 1777 1263 1337 1125 1381 1741 1698 1553 1610 1919 1370 1717 1433 1698 1415 1885 1582 1933 1672 1279 1177 1042 1665 1878 1557 1111 1170 1997 1859 1912 1362 1465 1944 1864 1454 1669 1161 1507 1306 1101 1179 1790 1041 1954 BCNSPRNW ULIB Ver.6.0+V

เปลี่ยนเป็นภาษาไทย

Change to English
 แสดงรายละเอียดบรรณานุกรม
  กลับหน้าหลัก

Brief Record : Get Marc (ISO 2709) : E-mail record : QR code < ปิดหน้าต่าง
LEADER : 00000nam 2200000uu 4500
001    13399111200
003     ULIB
008    110620s||||||||th 000 0 tha d
020    9789749763377
050 04 BF637^bด286ข 2551
100 1  บานาสแซค, ดอรีน
245 10 ขอโทษ ชีวิตคุณคือเดี๋ยวนี้ = Excuse me, your life is now /^cดอรีน บานาสแซค, เขียน ; พันโท อานันท์ ชินบุตร, แปล
250    พิมพ์ครั้งที่ 1
260    กรุงเทพฯ :^bต้นไม้,^c2551
300    xiv, 279 หน้า ;^c21 ซม
600 10 Grabhorn, Lynn,^d1931-.^tExcuse me, your life is waiting
600 17 แกร็บฮอร์น, ลีนน์,^dค.ศ. 1931-.^tพลังแห่งความรู้สึก
650  7 ชีวิตทางจิตวิญญาณ
650  7 ความคาดหวัง (จิตวิทยา)
650  7 ความสมปรารถนาแห่งการทำนาย
700 0  อานันท์ ชินบุตร
700 12 Banaszak, Doreen,^d1965-.^tExcuse me, your life is now :mastering the law of attraction
945    ^p250^l0^i024431
995    ทศพร
999 ^a ใช้งานได้ทุกระบบ
รายการนี้ยังไม่มีแท็ก
คุณยังไม่ได้ล็อกอิน คุณสามารถมีกิจกรรมร่วมกับเว็บไซต์ได้ แต่ต้องล็อกอินก่อน ::
  ล็อกอิน

รายการสื่อสารสนเทศ

ลำดับที่ ประเภท เลขเรียก/บาร์โค้ด สถานที่ สถานะ
- ไม่พบข้อมูล -

รายการใกล้เคียง
    ผู้แต่ง [บานาสแซค, ดอรีน]

    หัวเรื่อง [ชีวิตทางจิตวิญญาณ]
    หัวเรื่อง [ความคาดหวัง (จิตวิทยา)]
    หัวเรื่อง [ความสมปรารถนาแห่งการทำนาย]

BibComment


ยังไม่เคยถูกคอมเมนท์

คอมเมนท์ทรัพยากรรายการนี้
  คอมเมนท์: ขอโทษ ชีวิตคุณคือ..


 Copyright 2026. Bcnsprnw @Library